| 000 | 00434nam a2200133Ia 4500 | ||
|---|---|---|---|
| 008 | 231221s9999 xx 000 0 und d | ||
| 020 | _a978-0-387-74161-1 | ||
| 041 | _aEnglish | ||
| 100 | _aChristos Boukis, Aristodemos Pnevmatikakis, Lazaros Polymenakos | ||
| 245 | 0 | _aArtificial Intelligence and Innovations 2007: from Theory to Applications | |
| 260 |
_c2007 _bSpringer US _aNew York |
||
| 650 | _aComputer Science | ||
| 942 | _cEB | ||
| 999 |
_c218269 _d218269 |
||